[Event "Scarborough CC LH Summer op"]
[Site "Toronto CAN"]
[Date "2010.06.24"]
[Round "8"]
[White "Ward, Dean"]
[Black "Moran-Venegas, Mario"]
[Result "0-1"]
[WhiteElo "1840"]
[BlackElo "1722"]
[PlyCount "108"]
[EventDate "2010.04.29"]
[EventType "swiss"]
[EventRounds "8"]
[EventCountry "CAN"]

1. d4 Nf6 2. c4 g6 3. Nc3 d5 4. Bg5 Ne4 5. Nxe4 dxe4 6. e3 Bg7 7. Qc2 c6 8. Bf4
Qa5+ 9. Qc3 Qxc3+ 10. bxc3 Nd7 11. Ne2 O-O 12. Ng3 f5 13. c5 Nf6 14. Bc4+ e6
15. O-O Nd5 16. Bd6 Re8 17. Ne2 b5 18. cxb6 axb6 19. Rac1 Ba6 20. Bxa6 Rxa6 21.
c4 Ne7 22. Rc2 Nc8 23. Bb4 Kf7 24. Rfc1 Ne7 25. g3 Rea8 26. a3 Rc8 27. Ra2 c5
28. dxc5 bxc5 29. Bc3 e5 30. a4 Nc6 31. a5 Nb4 32. Bxb4 cxb4 33. Ra4 Bf8 34.
Rc2 Rca8 35. c5 b3 36. Rb2 Bxc5 37. Rxb3 Rxa5 38. Rxa5 Rxa5 39. Rb7+ Be7 40.
Nc3 g5 41. Nb5 Ra6 42. Nc7 Rd6 43. Nb5 Rd1+ 44. Kg2 f4 45. gxf4 exf4 46. Nc3
f3+ 47. Kh3 Rg1 48. Rxe7+ Kxe7 49. Nxe4 h5 50. Ng3 h4 51. Nf5+ Kf7 52. Nd4 Kg6
53. Nxf3 g4+ 54. Kxh4 gxf3 0-1

[Event "Scarborough CC LH Summer op"]
[Site "Toronto CAN"]
[Date "2010.06.24"]
[Round "8"]
[White "Wu, Kevin"]
[Black "Ugodnikov, Arkadiy"]
[Result "1-0"]
[WhiteElo "1899"]
[BlackElo "1852"]
[PlyCount "93"]
[EventDate "2010.04.29"]
[EventType "swiss"]
[EventRounds "8"]
[EventCountry "CAN"]

1. e4 e5 2. Nf3 Nc6 3. Bb5 a6 4. Ba4 Nf6 5. O-O Be7 6. Re1 b5 7. Bb3 O-O 8. c3
d5 9. exd5 Nxd5 10. Nxe5 Nxe5 11. Rxe5 c6 12. d3 Bd6 13. Re1 Qh4 14. g3 Qh3 15.
Re4 Qf5 16. Bc2 Nf6 17. Bf4 Bxf4 18. Rxf4 Qe5 19. d4 Qe7 20. Qd2 Re8 21. Na3 g5
22. Rf3 Nd5 23. Bb3 Bd7 24. Bxd5 cxd5 25. Re3 Qf6 26. Rae1 Be6 27. Nc2 Qg6 28.
Nb4 f5 29. Qe2 Qf7 30. Re5 a5 31. Nd3 Rad8 32. Nc5 Bc8 33. Qe3 Rxe5 34. Qxe5
Rf8 35. a3 h6 36. f4 gxf4 37. Qxf4 Qg6 38. Kg2 Qf6 39. Re5 Rd8 40. Qe3 Kf7 41.
Qf3 Qc6 42. Nd3 Bb7 43. Rxf5+ Kg7 44. Rf7+ Kh8 45. Ne5 Qb6 46. Rf8+ Rxf8 47.
Qxf8+ 1-0

[Event "Scarborough CC LH Summer op"]
[Site "Toronto CAN"]
[Date "2010.06.24"]
[Round "8"]
[White "Yusuf, Magas"]
[Black "Ferreira, Alex"]
[Result "0-1"]
[WhiteElo "1812"]
[BlackElo "2096"]
[PlyCount "68"]
[EventDate "2010.04.29"]
[EventType "swiss"]
[EventRounds "8"]
[EventCountry "CAN"]

1. d4 d5 2. c4 e5 3. dxe5 d4 4. Nf3 Nc6 5. Bg5 f6 6. exf6 gxf6 7. Bf4 Bf5 8. g3
Qd7 9. Bg2 O-O-O 10. O-O Nge7 11. a3 Ng6 12. Bd2 h5 13. b4 h4 14. Qa4 Kb8 15.
Rd1 Nce5 16. Qxd7 Rxd7 17. Be1 Nxf3+ 18. Bxf3 Ne5 19. Nd2 Bh6 20. c5 Bc2 21.
Rdc1 Nxf3+ 22. exf3 d3 23. f4 Rg8 24. Ne4 Rf7 25. Bd2 f5 26. Nc3 Bg7 27. Re1
Bd4 28. Rac1 hxg3 29. hxg3 Rxg3+ 30. Kf1 Rg8 31. Re3 Rh7 32. f3 Rh1+ 33. Kf2
Rh2+ 34. Ke1 Rg1# 0-1

[Event "Scarborough CC Shirov simul"]
[Site "Toronto CAN"]
[Date "2010.02.18"]
[Round "1"]
[White "Shirov, Alexei"]
[Black "Liu, Jiaxin (Dora)"]
[Result "1-0"]
[WhiteElo "2723"]
[BlackElo "1297"]
[PlyCount "29"]
[EventDate "2010.02.18"]
[EventType "simul"]
[EventRounds "1"]
[EventCountry "CAN"]

1. e4 c5 2. Nf3 d6 3. d4 cxd4 4. Nxd4 Nf6 5. Nc3 a6 6. Bg5 Nbd7 7. Bc4 e6 8.
Qe2 Qc7 9. O-O-O b5 10. Bxe6 fxe6 11. Nxe6 Qc6 12. Nd5 Nxd5 13. exd5 Qc4 14.
Nc7+ Kf7 15. Qe6# 1-0

[Event "Scarborough CC Shirov simul"]
[Site "Toronto CAN"]
[Date "2010.02.18"]
[Round "2"]
[White "Shirov, Alexei"]
[Black "Hall, John"]
[Result "0-1"]
[WhiteElo "2723"]
[BlackElo "2238"]
[PlyCount "69"]
[EventDate "2010.02.18"]
[EventType "simul"]
[EventRounds "1"]
[EventCountry "CAN"]

1. e4 e5 2. Nf3 Nc6 3. Bb5 a6 4. Ba4 Nf6 5. O-O Be7 6. Re1 b5 7. Bb3 d6 8. c3
O-O 9. h3 Bb7 10. d4 Qd7 11. Nbd2 Rae8 12. a4 Bd8 13. axb5 axb5 14. d5 Ne7 15.
Nf1 c6 16. Bg5 cxd5 17. Bxf6 gxf6 18. exd5 Kh8 19. Ng3 Rg8 20. Nh4 f5 21. Qh5
Bc8 22. Qxf7 Rg7 23. Qh5 Bb6 24. Ngxf5 Nxf5 25. Nxf5 Qxf5 26. Qxe8+ Rg8 27.
Qxg8+ Kxg8 28. Re2 Kg7 29. Bc2 Qf4 30. Rae1 h5 31. Be4 h4 32. Kh1 Bf5 33. f3
Kf6 34. b4 Qg3 35. Rf1 0-1

[Event "Scarborough CC Shirov simul"]
[Site "Toronto CAN"]
[Date "2010.02.18"]
[Round "3"]
[White "Alganabi, Zaidun"]
[Black "Shirov, Alexei"]
[Result "1-0"]
[WhiteElo "1520"]
[BlackElo "2723"]
[PlyCount "55"]
[EventDate "2010.02.18"]
[EventType "simul"]
[EventRounds "1"]
[EventCountry "CAN"]

1. d4 Nf6 2. c4 g6 3. Nf3 Bg7 4. Nc3 d5 5. e3 O-O 6. Be2 dxc4 7. Bxc4 c5 8. O-O
cxd4 9. exd4 Nbd7 10. Re1 Nb6 11. Bb3 Bg4 12. d5 Ne8 13. Bg5 Bf6 14. Bxf6 exf6
15. h3 Bxf3 16. Qxf3 Nd6 17. Rac1 f5 18. Qd3 Rc8 19. Nb5 Rxc1 20. Rxc1 Re8 21.
Nxa7 Qg5 22. Rd1 Nd7 23. Nb5 Ne5 24. Qf1 Nf3+ 25. Kh1 Nd2 26. Qd3 N6e4 27. Kg1
Qh4 28. Rxd2 1-0

[Event "Scarborough CC Shirov simul"]
[Site "Toronto CAN"]
[Date "2010.02.18"]
[Round "4"]
[White "Shirov, Alexei"]
[Black "Alganabi, Haqi"]
[Result "1-0"]
[WhiteElo "2723"]
[BlackElo "1981"]
[PlyCount "89"]
[EventDate "2010.02.18"]
[EventType "simul"]
[EventRounds "1"]
[EventCountry "CAN"]

1. d4 Nf6 2. c4 e5 3. dxe5 Ng4 4. Bf4 Nc6 5. Nf3 Bb4+ 6. Nc3 Bxc3+ 7. bxc3 Qe7
8. Qd5 f6 9. exf6 Nxf6 10. Qd3 d6 11. g3 Ne5 12. Nxe5 dxe5 13. Bg5 Be6 14. Bg2
Qc5 15. Bxb7 Rd8 16. Qe3 Qxc4 17. O-O O-O 18. Qxe5 Ng4 19. Qe4 Rb8 20. Qxc4
Bxc4 21. Bf3 Ne5 22. Rfe1 Rxf3 23. Bf4 Rxf4 24. gxf4 Ng6 25. Rab1 Re8 26. Rb4
Re4 27. f3 Rxf4 28. Ra4 a6 29. Kf2 Bb5 30. Rxf4 Nxf4 31. Rd1 Nxe2 32. a4 Bc4
33. Rd8+ Kf7 34. Rd7+ Ke6 35. Rxc7 Kd5 36. Rxg7 Nxc3 37. a5 Bd3 38. Ke3 Bg6 39.
Ra7 Nb5 40. Rxa6 Nd6 41. Kf4 Nb7 42. Rb6 Nc5 43. a6 Nd7 44. Rb7 Nc5 45. a7 1-0

[Event "Scarborough CC Shirov simul"]
[Site "Toronto CAN"]
[Date "2010.02.18"]
[Round "5"]
[White "Alganabi, Yasir"]
[Black "Shirov, Alexei"]
[Result "0-1"]
[WhiteElo "1395"]
[BlackElo "2723"]
[PlyCount "54"]
[EventDate "2010.02.18"]
[EventType "simul"]
[EventRounds "1"]
[EventCountry "CAN"]

1. e4 e5 2. Nf3 Nc6 3. Nc3 Nf6 4. Bc4 Nxe4 5. Nxe4 d5 6. Bxd5 Qxd5 7. Nc3 Qa5
8. O-O Bg4 9. d3 Nd4 10. Re1 O-O-O 11. Ne4 Bxf3 12. Bd2 Bxd1 13. Bxa5 Bxc2 14.
Rac1 b6 15. Bc3 Bxd3 16. Ng5 Ne2+ 17. Rxe2 Bxe2 18. Nxf7 Bd6 19. Nxh8 Rxh8 20.
Re1 Bb5 21. Bxe5 Bxe5 22. Rxe5 Re8 23. Rxe8+ Bxe8 24. b4 c5 25. a3 cxb4 26.
axb4 a5 27. bxa5 bxa5 0-1

[Event "Scarborough CC Shirov simul"]
[Site "Toronto CAN"]
[Date "2010.02.18"]
[Round "6"]
[White "Shirov, Alexei"]
[Black "Song, Michael"]
[Result "1-0"]
[WhiteElo "2723"]
[BlackElo "1858"]
[PlyCount "85"]
[EventDate "2010.02.18"]
[EventType "simul"]
[EventRounds "1"]
[EventCountry "CAN"]

1. d4 d5 2. c4 dxc4 3. e4 e5 4. Nf3 exd4 5. Bxc4 Nc6 6. O-O g6 7. Qb3 Qd7 8.
Bb5 Bg7 9. Bf4 Nge7 10. Ne5 Bxe5 11. Bxe5 O-O 12. Nd2 a6 13. Bxc6 Nxc6 14. Bg3
Kg7 15. Rac1 Re8 16. f4 f5 17. Rfe1 Qf7 18. Qa3 Qf8 19. Qa4 Bd7 20. e5 Rac8 21.
Qb3 Qb4 22. Qc2 Be6 23. a3 Qb6 24. Bf2 Red8 25. Nf3 Na5 26. b4 Nb3 27. Rb1 d3
28. Qc3 Qb5 29. Rxb3 Bxb3 30. Qxb3 c5 31. e6 cxb4 32. e7 Rd6 33. Ng5 Qe8 34.
Qxb4 Rcc6 35. Bd4+ Kh6 36. Re3 Rc1+ 37. Kf2 Rc2+ 38. Ke1 d2+ 39. Kd1 Rxd4 40.
Rh3+ Kg7 41. Qxd4+ Kg8 42. Qd5+ Qf7 43. Qxf7+ 1-0

[Event "Scarborough CC Shirov simul"]
[Site "Toronto CAN"]
[Date "2010.02.18"]
[Round "7"]
[White "Casareno, Erwin"]
[Black "Shirov, Alexei"]
[Result "1/2-1/2"]
[WhiteElo "2181"]
[BlackElo "2723"]
[PlyCount "68"]
[EventDate "2010.02.18"]
[EventType "simul"]
[EventRounds "1"]
[EventCountry "CAN"]

1. e4 c5 2. Nf3 d6 3. d4 cxd4 4. Nxd4 Nf6 5. Nc3 a6 6. Be3 e5 7. Nb3 Be7 8. h3
Be6 9. Qf3 Nbd7 10. Nd5 Bxd5 11. exd5 e4 12. Qg3 O-O 13. c4 b5 14. Nd4 Ne5 15.
cxb5 Nxd5 16. Nf5 Bf6 17. Rd1 Nxe3 18. Qxe3 axb5 19. Rxd6 Qa5+ 20. Qd2 Qxa2 21.
Be2 Qb1+ 22. Qd1 Qxb2 23. O-O Nc4 24. Bxc4 bxc4 25. Qg4 Qe5 26. Rc6 c3 27. f4
exf3 28. Qxf3 Rac8 29. Nh6+ gxh6 30. Rxf6 c2 31. Rxf7 Rxf7 32. Qg4+ Qg7 33.
Qxc8+ Qf8 34. Qg4+ Qg7 1/2-1/2

[Event "Scarborough CC Shirov simul"]
[Site "Toronto CAN"]
[Date "2010.02.18"]
[Round "8"]
[White "Shirov, Alexei"]
[Black "Pedersen, Rune"]
[Result "1/2-1/2"]
[WhiteElo "2723"]
[BlackElo "2340"]
[PlyCount "73"]
[EventDate "2010.02.18"]
[EventType "simul"]
[EventRounds "1"]
[EventCountry "CAN"]

1. e4 c5 2. Nf3 Nc6 3. d4 cxd4 4. Nxd4 g6 5. Nc3 Bg7 6. Be3 Nf6 7. Bc4 Qa5 8.
O-O O-O 9. Nb3 Qc7 10. f4 d5 11. exd5 Nb4 12. Be2 Rd8 13. d6 Rxd6 14. Nb5 Rxd1
15. Nxc7 Rxa1 16. Nxa1 Nfd5 17. Nxa8 Nxe3 18. Rf3 Bxb2 19. c3 Nbd5 20. Nb3 Bxc3
21. Nc7 Bg4 22. Nxd5 Nxd5 23. Rxc3 Bxe2 24. Rc8+ Kg7 25. Rb8 b6 26. g3 a5 27.
Nd4 Bc4 28. a3 f6 29. Kf2 e5 30. fxe5 fxe5 31. Nf3 Kf6 32. Rf8+ Ke6 33. Ng5+
Kd6 34. Ne4+ Ke7 35. Rh8 h5 36. Rh7+ Ke6 37. Rg7 1/2-1/2

[Event "Scarborough CC Shirov simul"]
[Site "Toronto CAN"]
[Date "2010.02.18"]
[Round "9"]
[White "Ugodnikov, Arkadiy"]
[Black "Shirov, Alexei"]
[Result "1/2-1/2"]
[WhiteElo "1785"]
[BlackElo "2723"]
[PlyCount "90"]
[EventDate "2010.02.18"]
[EventType "simul"]
[EventRounds "1"]
[EventCountry "CAN"]

1. e4 e5 2. Nf3 Nc6 3. Bb5 a6 4. Ba4 Nf6 5. O-O b5 6. Bb3 Bc5 7. d3 d6 8. c3 h6
9. h3 O-O 10. Be3 Bxe3 11. fxe3 Be6 12. Nbd2 d5 13. Qe2 dxe4 14. Nxe4 Nxe4 15.
dxe4 Bxb3 16. axb3 Qe7 17. b4 Nd8 18. Rfd1 Nb7 19. Rd5 f6 20. Nh4 Rfd8 21. Nf5
Qf7 22. Qg4 Kh7 23. Rad1 h5 24. Qf3 c6 25. Rxd8 Rxd8 26. Rxd8 Nxd8 27. Qd1 Ne6
28. Qd6 g6 29. Ng3 h4 30. Nf1 Qe8 31. Nh2 Kg7 32. Nf3 g5 33. Ne1 g4 34. Qd1
gxh3 35. Qg4+ Ng5 36. gxh3 Qg6 37. Ng2 Qxe4 38. Qxe4 Nxe4 39. Nxh4 c5 40. Nf5+
Kg6 41. Ne7+ Kg5 42. Kg2 cxb4 43. cxb4 Nd2 44. Nd5 Nc4 45. b3 Nd2 1/2-1/2

[Event "Scarborough CC Shirov simul"]
[Site "Toronto CAN"]
[Date "2010.02.18"]
[Round "10"]
[White "Shirov, Alexei"]
[Black "Philip, Andrew"]
[Result "1-0"]
[WhiteElo "2723"]
[BlackElo "1564"]
[PlyCount "65"]
[EventDate "2010.02.18"]
[EventType "simul"]
[EventRounds "1"]
[EventCountry "CAN"]

1. d4 Nf6 2. c4 e6 3. Nc3 Bb4 4. Qc2 c5 5. dxc5 Bxc5 6. Nf3 Nc6 7. Bg5 Be7 8.
O-O-O Ng4 9. Bxe7 Qxe7 10. e4 a6 11. h3 Nge5 12. Nxe5 Qg5+ 13. Kb1 Qxe5 14. g3
O-O 15. f4 Qc5 16. e5 Rb8 17. Ne4 Qa5 18. Ng5 g6 19. h4 Kg7 20. h5 h6 21. hxg6
Nb4 22. Qb3 fxg6 23. Ne4 b5 24. c5 Nd5 25. Nd6 b4 26. Bc4 Nc7 27. g4 Qxc5 28.
Rxh6 Bb7 29. Nxb7 Rxb7 30. Rxd7+ Rf7 31. Rxf7+ Kxf7 32. Qd3 Qg1+ 33. Kc2 1-0

[Event "Scarborough CC Shirov simul"]
[Site "Toronto CAN"]
[Date "2010.02.18"]
[Round "11"]
[White "Marcille, Gord"]
[Black "Shirov, Alexei"]
[Result "0-1"]
[WhiteElo "1778"]
[BlackElo "2723"]
[PlyCount "46"]
[EventDate "2010.02.18"]
[EventType "simul"]
[EventRounds "1"]
[EventCountry "CAN"]

1. e4 c5 2. Nf3 Nc6 3. d4 cxd4 4. Nxd4 Nf6 5. Nc3 e5 6. Nxc6 bxc6 7. Bc4 Bc5 8.
Bg5 h6 9. Bxf6 Qxf6 10. O-O O-O 11. Qd2 d6 12. Na4 Bb6 13. Nxb6 axb6 14. f4 b5
15. Bb3 exf4 16. Rxf4 Qxb2 17. Raf1 d5 18. exd5 c5 19. Qe3 c4 20. Rxf7 Rxf7 21.
Qe8+ Kh7 22. Qxf7 cxb3 23. Qe7 Qd4+ 0-1

[Event "Scarborough CC Shirov simul"]
[Site "Toronto CAN"]
[Date "2010.02.18"]
[Round "12"]
[White "Shirov, Alexei"]
[Black "Chauhan, Anup"]
[Result "1-0"]
[WhiteElo "2723"]
[BlackElo "1371"]
[PlyCount "61"]
[EventDate "2010.02.18"]
[EventType "simul"]
[EventRounds "1"]
[EventCountry "CAN"]

1. e4 c5 2. Nf3 d6 3. d4 cxd4 4. Nxd4 a6 5. c4 g6 6. Nc3 Nf6 7. Be2 Bg7 8. O-O
O-O 9. Nc2 Nc6 10. Ne3 Re8 11. Ned5 e6 12. Nxf6+ Bxf6 13. Be3 Qc7 14. Qd2 b6
15. Rac1 Bb7 16. Na4 Ne5 17. Nxb6 Bxe4 18. f3 Bb7 19. Nxa8 Rxa8 20. c5 d5 21.
Bd4 Bg7 22. f4 Nc6 23. Bxg7 Kxg7 24. b4 Ne7 25. a4 Nf5 26. b5 axb5 27. axb5 d4
28. g4 Nh4 29. Qxd4+ Kg8 30. c6 Bc8 31. b6 1-0

[Event "Scarborough CC Shirov simul"]
[Site "Toronto CAN"]
[Date "2010.02.18"]
[Round "13"]
[White "Bellomo, Joe"]
[Black "Shirov, Alexei"]
[Result "0-1"]
[WhiteElo "1778"]
[BlackElo "2723"]
[PlyCount "78"]
[EventDate "2010.02.18"]
[EventType "simul"]
[EventRounds "1"]
[EventCountry "CAN"]

1. e4 e5 2. Nf3 Nc6 3. Bb5 a6 4. Ba4 Nf6 5. O-O b5 6. Bb3 Bc5 7. c3 d6 8. d4
Bb6 9. Bg5 h6 10. Bh4 g5 11. dxe5 gxh4 12. exf6 Qxf6 13. Qd5 Bb7 14. Qh5 Ne5
15. Nxe5 dxe5 16. Nd2 Rg8 17. Kh1 O-O-O 18. Qxf7 Qg5 19. Qe6+ Kb8 20. Qh3 Qxd2
21. Bxg8 Rxg8 22. Qxh4 Qxb2 23. Rac1 Qxa2 24. Rfd1 Qxf2 25. Rd8+ Rxd8 26. Qxd8+
Ka7 27. Qd3 Qh4 28. c4 Bxe4 29. Qe2 bxc4 30. Rxc4 Bd3 31. Rxh4 Bxe2 32. Rxh6 a5
33. Rc6 a4 34. h4 Ka6 35. Rc2 Bh5 36. Kh2 e4 37. Rc4 Kb5 38. Rxe4 a3 39. g4 a2
0-1

[Event "Scarborough CC Shirov simul"]
[Site "Toronto CAN"]
[Date "2010.02.18"]
[Round "14"]
[White "Shirov, Alexei"]
[Black "Verde, Pino"]
[Result "1-0"]
[WhiteElo "2723"]
[BlackElo "1895"]
[PlyCount "59"]
[EventDate "2010.02.18"]
[EventType "simul"]
[EventRounds "1"]
[EventCountry "CAN"]

1. d4 Nf6 2. c4 d6 3. Nc3 Nbd7 4. Nf3 e5 5. Bg5 Be7 6. e3 c6 7. Qc2 Qc7 8.
O-O-O Nf8 9. c5 Ne6 10. Bxf6 gxf6 11. cxd6 Bxd6 12. d5 Ng7 13. dxc6 bxc6 14.
Bc4 Be6 15. Bxe6 fxe6 16. Rd3 Ke7 17. Rhd1 Rad8 18. Ne4 Ne8 19. Rc3 Rc8 20. g4
h6 21. h4 Rg8 22. g5 hxg5 23. hxg5 f5 24. Nxd6 Nxd6 25. Nxe5 c5 26. Rcd3 Rcd8
27. Qa4 Kf8 28. Qh4 Rg7 29. Qh8+ Rg8 30. Qf6+ 1-0

[Event "Scarborough CC Shirov simul"]
[Site "Toronto CAN"]
[Date "2010.02.18"]
[Round "15"]
[White "Maister, Martin"]
[Black "Shirov, Alexei"]
[Result "0-1"]
[WhiteElo "1875"]
[BlackElo "2723"]
[PlyCount "48"]
[EventDate "2010.02.18"]
[EventType "simul"]
[EventRounds "1"]
[EventCountry "CAN"]

1. c4 e5 2. Nc3 Bb4 3. g3 Bxc3 4. dxc3 d6 5. Bg2 Nc6 6. Nf3 f5 7. O-O Nf6 8.
Bg5 O-O 9. Qd2 h6 10. Bxf6 Qxf6 11. e3 Be6 12. b3 Rad8 13. Qc2 d5 14. cxd5 Bxd5
15. c4 Be4 16. Qb2 f4 17. exf4 exf4 18. Qxf6 Rxf6 19. Rfe1 Bxf3 20. Bxf3 fxg3
21. Bd5+ Rxd5 22. cxd5 gxf2+ 23. Kg2 fxe1=Q 24. Rxe1 Nb4 0-1

[Event "Scarborough CC Shirov simul"]
[Site "Toronto CAN"]
[Date "2010.02.18"]
[Round "16"]
[White "Shirov, Alexei"]
[Black "Kurkowski, Ken"]
[Result "1-0"]
[WhiteElo "2723"]
[BlackElo "1623"]
[PlyCount "61"]
[EventDate "2010.02.18"]
[EventType "simul"]
[EventRounds "1"]
[EventCountry "CAN"]

1. e4 d5 2. exd5 Qxd5 3. Nc3 Qd6 4. d4 Nf6 5. Nf3 c6 6. Ne5 Nbd7 7. f4 e6 8. g4
c5 9. g5 Nd5 10. Ne4 Qc7 11. c4 Nxe5 12. dxe5 Nb4 13. Bg2 Bd7 14. O-O O-O-O 15.
Nd6+ Bxd6 16. exd6 Qb8 17. Be3 b6 18. a3 Nc6 19. b4 cxb4 20. axb4 Nxb4 21. c5
Bc6 22. cxb6 axb6 23. Bxc6 Nxc6 24. Qa4 Rxd6 25. Rfc1 Kd7 26. f5 b5 27. fxe6+
fxe6 28. Qe4 Qe8 29. Ra7+ Nxa7 30. Qb7+ Kd8 31. Qc7# 1-0

[Event "Scarborough CC Shirov simul"]
[Site "Toronto CAN"]
[Date "2010.02.18"]
[Round "17"]
[White "Rutherdale, William"]
[Black "Shirov, Alexei"]
[Result "1/2-1/2"]
[WhiteElo "1734"]
[BlackElo "2723"]
[PlyCount "64"]
[EventDate "2010.02.18"]
[EventType "simul"]
[EventRounds "1"]
[EventCountry "CAN"]

1. d4 Nf6 2. c4 g6 3. Nc3 d5 4. Nf3 Bg7 5. Bf4 c5 6. e3 O-O 7. cxd5 Nxd5 8. Be5
Nc6 9. Bxg7 Kxg7 10. Bc4 Nb6 11. Be2 cxd4 12. exd4 Bg4 13. d5 Bxf3 14. Bxf3 Ne5
15. Qd4 f6 16. Be2 e6 17. Rd1 exd5 18. Nxd5 Nc6 19. Qd2 Nxd5 20. Qxd5 Qe7 21.
Qd7 Rf7 22. Qxe7 Rxe7 23. Rd2 Rae8 24. Kd1 Nd4 25. Bc4 b5 26. Bd5 Nf5 27. g3
Rd8 28. Bg2 Rxd2+ 29. Kxd2 Rd7+ 30. Kc3 Rc7+ 31. Kd3 Rd7+ 32. Kc3 Rc7+ 1/2-1/2

[Event "Scarborough CC Shirov simul"]
[Site "Toronto CAN"]
[Date "2010.02.18"]
[Round "18"]
[White "Shirov, Alexei"]
[Black "Wu, Kevin"]
[Result "1-0"]
[WhiteElo "2723"]
[BlackElo "1911"]
[PlyCount "57"]
[EventDate "2010.02.18"]
[EventType "simul"]
[EventRounds "1"]
[EventCountry "CAN"]

1. e4 c5 2. Nf3 d6 3. d4 cxd4 4. Nxd4 Nf6 5. Nc3 g6 6. Be3 Bg7 7. f3 O-O 8. Qd2
Nc6 9. O-O-O d5 10. exd5 Nxd5 11. Nxc6 bxc6 12. Bd4 e5 13. Bc5 Be6 14. Ne4 Rb8
15. h4 a5 16. c4 Nb4 17. a3 Na6 18. Bd6 Qb6 19. c5 Qb7 20. Bxf8 Bxf8 21. Bxa6
Qxa6 22. Qc3 Rb3 23. Qxe5 Qc4+ 24. Kb1 Rb5 25. Rd8 Qa2+ 26. Kc2 Qb3+ 27. Kc1
Qe3+ 28. Kb1 Bf5 29. Rhd1 1-0

[Event "Scarborough CC Shirov simul"]
[Site "Toronto CAN"]
[Date "2010.02.18"]
[Round "19"]
[White "Wiebe, Daniel"]
[Black "Shirov, Alexei"]
[Result "0-1"]
[WhiteElo "1973"]
[BlackElo "2723"]
[PlyCount "82"]
[EventDate "2010.02.18"]
[EventType "simul"]
[EventRounds "1"]
[EventCountry "CAN"]

1. e4 c5 2. Nf3 d6 3. d4 cxd4 4. Nxd4 Nf6 5. Nc3 g6 6. Be3 Bg7 7. f3 O-O 8. Qd2
Nc6 9. Bc4 Bd7 10. O-O-O Rc8 11. Bb3 Nxd4 12. Bxd4 b5 13. Nd5 Nxd5 14. Bxg7
Kxg7 15. exd5 a5 16. a4 bxa4 17. Qd4+ Kg8 18. Bxa4 Bxa4 19. Qxa4 Qb6 20. Qd4
Rc5 21. Rhe1 Rfc8 22. Re2 R8c7 23. Rd3 Qb5 24. Red2 Rc4 25. Qf2 a4 26. c3 Rb4
27. c4 Rcxc4+ 28. Kb1 Rb3 29. Rxb3 Qxb3 30. Rc2 Rxc2 31. Qxc2 Qxc2+ 32. Kxc2
Kg7 33. Kc3 Kf6 34. Kd4 Kf5 35. g3 g5 36. Kc4 Ke5 37. Kb4 Kxd5 38. Kxa4 Kc4 39.
b4 d5 40. b5 d4 41. b6 d3 0-1

[Event "Scarborough CC Shirov simul"]
[Site "Toronto CAN"]
[Date "2010.02.18"]
[Round "20"]
[White "Shirov, Alexei"]
[Black "Manalo, Pepin"]
[Result "1/2-1/2"]
[WhiteElo "2723"]
[BlackElo "1838"]
[PlyCount "58"]
[EventDate "2010.02.18"]
[EventType "simul"]
[EventRounds "1"]
[EventCountry "CAN"]

1. e4 c5 2. Nf3 d6 3. d4 cxd4 4. Nxd4 Nf6 5. Nc3 a6 6. Bg5 e5 7. Nf5 Bxf5 8.
exf5 Be7 9. Bxf6 Bxf6 10. Nd5 Bg5 11. h4 Bxh4 12. Rxh4 Qxh4 13. Nc7+ Ke7 14.
Nxa8 Rc8 15. Qd3 Qb4+ 16. c3 Qc5 17. b4 Qc6 18. Be2 d5 19. f6+ gxf6 20. Bg4 Rg8
21. Bh3 b5 22. O-O-O Rd8 23. Kb2 Qxa8 24. Qxh7 Nc6 25. g4 a5 26. g5 fxg5 27.
Qf5 axb4 28. Qxg5+ Kf8 29. Qh6+ Ke7 1/2-1/2

[Event "Scarborough CC Shirov simul"]
[Site "Toronto CAN"]
[Date "2010.02.18"]
[Round "21"]
[White "Mahoney, Ian"]
[Black "Shirov, Alexei"]
[Result "0-1"]
[WhiteElo "1622"]
[BlackElo "2723"]
[PlyCount "56"]
[EventDate "2010.02.18"]
[EventType "simul"]
[EventRounds "1"]
[EventCountry "CAN"]

1. e4 e5 2. Nf3 Nc6 3. Bb5 a6 4. Ba4 Nf6 5. O-O Be7 6. Re1 b5 7. Bb3 d6 8. c3
O-O 9. h3 Na5 10. Bc2 c5 11. d4 Qc7 12. Nbd2 cxd4 13. cxd4 Nc6 14. Nf1 exd4 15.
Bf4 Nd7 16. Rc1 Qb6 17. e5 Ncxe5 18. Nxd4 g6 19. Ne3 Bb7 20. Ng4 Rad8 21. Nh6+
Kh8 22. Bb3 Bf6 23. Nc2 Bg7 24. Ng4 Nc5 25. Bd5 Ned3 26. Bxb7 Qxb7 27. Bg5 Nxe1
28. Bxd8 Qxg2# 0-1

[Event "Scarborough CC Shirov simul"]
[Site "Toronto CAN"]
[Date "2010.02.18"]
[Round "22"]
[White "Shirov, Alexei"]
[Black "Armstrong, Robert J"]
[Result "1-0"]
[WhiteElo "2723"]
[BlackElo "1746"]
[PlyCount "41"]
[EventDate "2010.02.18"]
[EventType "simul"]
[EventRounds "1"]
[EventCountry "CAN"]

1. e4 g6 2. d4 Bg7 3. Nc3 d6 4. f4 Nf6 5. Nf3 O-O 6. e5 Nfd7 7. h4 h5 8. g4
hxg4 9. Ng5 Nb6 10. h5 gxh5 11. Qd3 f5 12. exf6 Rxf6 13. Qh7+ Kf8 14. Qxh5 e5
15. fxe5 dxe5 16. Nh7+ Kg8 17. Bg5 N8d7 18. Ne4 Qe7 19. Nexf6+ Bxf6 20. Nxf6+
Nxf6 21. Qh8+ 1-0

[Event "Scarborough CC Shirov simul"]
[Site "Toronto CAN"]
[Date "2010.02.18"]
[Round "23"]
[White "Huston, Scott"]
[Black "Shirov, Alexei"]
[Result "0-1"]
[WhiteElo "1630"]
[BlackElo "2723"]
[PlyCount "60"]
[EventDate "2010.02.18"]
[EventType "simul"]
[EventRounds "1"]
[EventCountry "CAN"]

1. c4 e5 2. g3 Nf6 3. Bg2 d5 4. Nc3 d4 5. Ne4 Nxe4 6. Bxe4 Nd7 7. d3 Be7 8. e3
Nc5 9. exd4 Nxe4 10. dxe4 exd4 11. Ne2 c5 12. Nf4 O-O 13. O-O Bd6 14. Nd5 f5
15. exf5 Bxf5 16. Bf4 Be6 17. Bxd6 Qxd6 18. Rc1 Bxd5 19. cxd5 Qxd5 20. b3 d3
21. Rc3 Rad8 22. Qd2 Rf3 23. Rfc1 b6 24. Re1 Rdf8 25. Rf1 h5 26. h4 b5 27. a3
c4 28. bxc4 bxc4 29. Qa2 Rxg3+ 30. fxg3 Rxf1+ 0-1

[Event "Scarborough CC Shirov simul"]
[Site "Toronto CAN"]
[Date "2010.02.18"]
[Round "24"]
[White "Shirov, Alexei"]
[Black "Orsini, Mike"]
[Result "1-0"]
[WhiteElo "2723"]
[BlackElo "1346"]
[PlyCount "64"]
[EventDate "2010.02.18"]
[EventType "simul"]
[EventRounds "1"]
[EventCountry "CAN"]

1. e4 c5 2. Nf3 d6 3. d4 cxd4 4. Nxd4 Nf6 5. Nc3 a6 6. Bg5 Nbd7 7. Bc4 g6 8.
Qe2 Bg7 9. O-O O-O 10. f4 Nb6 11. Bb3 Bg4 12. Nf3 Qc7 13. e5 Ne8 14. exd6 exd6
15. Be7 Bxc3 16. bxc3 Qxc3 17. Bxf8 Kxf8 18. Qd3 Rc8 19. Qxc3 Rxc3 20. Rfd1 a5
21. Rd3 Rc6 22. Nd4 Rc8 23. f5 Bxf5 24. Nxf5 gxf5 25. Rf1 Rc5 26. g4 f6 27.
gxf5 Nd7 28. Rg3 Ne5 29. Rg8+ Ke7 30. Rh8 b5 31. Rxh7+ Kd8 32. Be6 Rc7 1-0

[Event "Scarborough CC Shirov simul"]
[Site "Toronto CAN"]
[Date "2010.02.18"]
[Round "25"]
[White "Rapoport, Alexander"]
[Black "Shirov, Alexei"]
[Result "1/2-1/2"]
[WhiteElo "1809"]
[BlackElo "2723"]
[PlyCount "41"]
[EventDate "2010.02.18"]
[EventType "simul"]
[EventRounds "1"]
[EventCountry "CAN"]

1. d4 d5 2. e3 Nf6 3. f4 c5 4. Nf3 Nc6 5. c3 Bf5 6. Be2 e6 7. O-O Be7 8. Ne5
O-O 9. Nd2 Nxe5 10. fxe5 Ne4 11. Nxe4 Bxe4 12. Bd3 Bxd3 13. Qxd3 f5 14. exf6
Bxf6 15. dxc5 Qc7 16. e4 Qxc5+ 17. Be3 Qc4 18. Qxc4 dxc4 19. Rad1 Rfd8 20. Kf2
b5 21. Ke2 1/2-1/2